Personnages connus, ou presque... - Statistiques

Statistiques générales
  • Ce quiz a été pris 67 fois
    41 depuis la dernière actualisation
  • Le résultat moyen est 5 sur 15
Statistiques - réponses
Hint Réponse % Correct
Michel Fils-de-Jacques Mickael Jackson
75%
Fin de semaine The Weeknd
64%
Homme d'Or Goldman
58%
Poire Pomme
44%
Jean De l'espace vert Jean Dujardin
42%
Jean Vacances Johnny Hallyday
31%
Gaule Ecosse France Gall
25%
Paul Windows-Voiture-bouche Paul McCartney
22%
Dany Fauche-le-blé Daniel Balavoine
19%
Traité de Loin-tard Eddy de Pretto
19%
Moussaillon Le Stylo Marine Le Pen
19%
Elodie Nuisible Elodie Poux
17%
Philippe Bisous Philippe Poutoux
11%
écrit le maïs Marc Lavoine
8%
En froid Angèle
6%
Aucun quiz correspondant
Distribution des résultats
% des personnes avec chaque résultat
Percentile par nombre de réponses
Votre historique - résultats
Vous n’avez pas pris ce quiz depuis la dernière actualisation